| 000 | 00495cam a22002171 4500 | ||
|---|---|---|---|
| 001 | sa 67006330 | ||
| 003 | DLC | ||
| 005 | 20260227112406.0 | ||
| 008 | 890717s1963 ii 000 0 kano | ||
| 010 | _asa 67006330 | ||
| 035 | _a(OCoLC)20022087 | ||
| 040 |
_aDLC _cWaU _dDLC |
||
| 042 | _apremarc | ||
| 050 | 0 | 0 |
_aPL4659.P797 _bA75 |
| 100 | 0 |
_aKuvempu, _d1904-1994. |
|
| 245 | 1 | 0 | _aAnikētana. |
| 260 | _c[1963] | ||
| 300 |
_a61 p. _c19 cm. |
||
| 500 | _aIn Kannada. | ||
| 500 | _aPoems. | ||
| 999 |
_c75864 _d75864 |
||